00756nam a2200253Ia 4500008004100000020001600041050000800057050001600065100001700081245005300098245004900151260001600200260002000216260000900236300001400245300002000259300001100279440003900290650004600329650003500375650004800410650002200458650002200480170203s9999 xx 000 0 und d a0-590414291 aFic b.C689t 1990 aCole, Joanna 4aThe magic school bus, lost in the solar system / cby Joanna Cole ; illustrated by Bruce Degen. aNew York :  bScholastic Inc. c1990 a40 pages; billustrations : c20 cm. aMagic school bus adventure series. a Frizzle, Ms. (Fictitious character) --  aOuter space -- Exploration --  aPlanets -- Exploration -- Juvenile fiction. xJuvenile fiction. xJuvenile fiction.